Praticidade fiscal nas presunė̳s tributr̀ias

Detalles Bibliográficos
Autor principal: Nobre Rocha, Thiago Maia
Formato: eBook
Lenguaje:portugués
Publicado: San Pablo: Editora Noeses, 2021
Materias:
Acceso en línea:Acceso restringido

MARC

LEADER 00000nam a22000007a 4500
005 20220610212312.0
007 cr|||| ||||
008 220610s2021 br |||||s|||| 00||0 por d
020 |a 978-65-89888-20-8 
035 |a 36414 
040 |a vLex 
090 |c 13406  |d 13406 
100 1 |a Nobre Rocha, Thiago Maia 
245 1 0 |a Praticidade fiscal nas presunė̳s tributr̀ias  |h [Recurso electrn̤ico] /  |c Thiago Maia Nobre Rocha 
256 |a Servicio en ln̕ea 
260 |a San Pablo:  |b Editora Noeses,  |c 2021 
300 |a 1 recurso electrn̤ico 
506 1 |a Disponible solo en los productos indicados  |d vLex Global  |d vLex Global (Academic Edition, excluding Law Schools)  |d vLex Global (U.S. Academic Edition, Law Schools)  |d vLex Global (U.S. Academic Edition, excluding Law Schools)  |d vLex Global (Academic Edition, Law Schools) 
650 0 4 |a Derecho Tributario  |z Brasil 
740 0 |a vLex Libros (Servicio en ln̕ea) 
856 4 0 |u https://app.vlex.com/#/sources/36414  |z Acceso restringido 
942 |c BOOK 
999 0 |a Tax Law